01321nam a2200349 a 4500001001200000003000800012006001900020007001500039008004100054020001800095020001800113020001500131040002100146035002100167050002300188100001800211245008400229260005200313300001900365490006500384504005100449533015200500650001400652650002500666650002000691655002900711700001600740710001700756830005500773856012600828999001700954ebr10236847CaPaEBRm u cr cn|||||||||080903s2005 enka sb 001 0 eng d z9781859575246 z9781847350305 z1859575246 aCaPaEBRcCaPaEBR a(OCoLC)61449247314aQC183b.B74 2005eb1 aBrewis, D. M.10aAdhesion to fluoropolymersh[electronic resource] /cD.M. Brewis and R.H. Dahm. aShawbury, U.K. :bRapra Technology Ltd.,c2005. a124 p. :bill.1 aRapra review reports. Report 183,x0889-3144 ;vv. 16, no. 3 aIncludes bibliographical references and index. aElectronic reproduction.bPalo Alto, Calif. :cebrary,d2011.nAvailable via World Wide Web.nAccess may be limited to ebrary affiliated libraries. 0aAdhesion. 0aSurface preparation. 0aFluoropolymers. 7aElectronic books.2local1 aDahm, R. H.2 aebrary, Inc. 0aRapra review reports.nReport 183 ;vv. 16, no. 3.40uhttp://site.ebrary.com/lib/rucke/Doc?id=10236847zAn electronic book accessible through the World Wide Web; click to view c37115d37115